000 00457nam a22001817a 4500
003 MPLRDC
005 20220104124000.0
008 210129b ||||| |||| 00| 0 eng d
082 _a889 JMMZ v.1396
100 _a琳达. 韦纳
245 _a大熊先生
_c科林译
250 _a初版
260 _a
_b精美出版社
_c1990
300 _b
490 _a精美名著. 1396
650 _a西洋小说之中文翻译
942 _cBK
_o889 JMMZ v.1396
999 _c15726
_d15716